LIBRARY & INFORMATION CENTRE, KCAET, TAVANUR

ONLINE PUBLIC ACCESS CATALOGUE (OPAC)

Pre Degree Botany (Record no. 18948)

MARC details
000 -LEADER
fixed length control field 00285nam a22001337a 4500
003 - CONTROL NUMBER IDENTIFIER
control field OSt
008 - FIXED-LENGTH DATA ELEMENTS--GENERAL INFORMATION
fixed length control field 250106b |||||||| |||| 00| 0 eng d
041 ## - LANGUAGE CODE
Language code of text/sound track or separate title eng
082 ## - DEWEY DECIMAL CLASSIFICATION NUMBER
Classification number 580
100 ## - MAIN ENTRY--AUTHOR NAME
Personal name Gopinathan Nair
245 ## - TITLE STATEMENT
Title Pre Degree Botany
260 ## - PUBLICATION, DISTRIBUTION, ETC. (IMPRINT)
Place of publication Calicut:
Name of publisher TBS
942 ## - ADDED ENTRY ELEMENTS (KOHA)
Koha item type Books
Holdings
Withdrawn status Lost status Damaged status Home library Current library Date acquired Full call number Accession Number Koha item type Public note
Withdrawn     KAUAET KAUAET 06/01/2025 580 13310 Books Dues Collected as per TRS Rt No86dated 13/05/76
Withdrawn     KAUAET KAUAET 06/01/2025 580 13311 Books Withdrawn as per order no D3-2081/95 dated 09/01/97
free website counter